The Walking Dead Season 7 Characters - Statistics

General Stats
  • This quiz has been taken 62 times
  • The average score is 8 of 17
Answer Stats
Hint Answer % Correct
King of the Kingdom Ezekiel
92%
Bodyguard of the King Jerry
88%
Tiger of the king Shiva
73%
Younger brother of the above Henry
71%
Teenager living in the Kingdom Benjamin
59%
Leader of the Scavengers Jadis
55%
Top Lt. of the Saviors Gavin
45%
Right-hand man of the King Richard
41%
woman who is a top Lt. of the Saviors Arat
39%
Soldier of the Kingdom wields a bow and arrow Dianne
35%
Savior who has a lot of beef with Morgan Jared
35%
Fat Savior Fat Joey
31%
High ranked Savior solider female Laura
29%
Resident of Oceanside later becomes their leader Rachel
29%
Soldier of Oceanside Beatrice
27%
Grand daughter of the above Cyndie
27%
Leader of Oceanside Natania
24%
No matching quizzes found
Score Distribution
Percent of People with Each Score
Percentile by Number Answered
Your Score History
You have not taken this quiz